000 01067nam a22001817a 4500
999 _c61551
_d61551
005 20240325101904.0
008 240325s1998 ge ||||| |||| 00| 0 geo d
041 _ageo
245 _aძიებანი :
_cრედ. ო. ლორთქიფანიძე; საქართველოს მეცნიერებათა აკადემიის არქეოლოგიური კვლევის ცენტრი.
260 _aთბილისი,
_c1998-
300 _aV.
521 _aპარალ სათ. რუს. და ინგლ.
653 _aძიებანი საქართველოს არქეოლოგიაში
653 _aპერიოდიკა
700 _aლორთქიფანიძე, ო.
_eრედაქტორი
_917578
710 _aსაქართველოს მეცნიერებათა აკადემიის არქეოლოგიური კვლევის ცენტრის ჟურნალი
_921556
942 _2udc
_cCR